El maestro sin recetas (Record no. 1430)
[ view plain ]
| 000 -LEADER | |
|---|---|
| campo de control de longitud fija | 00887nam a2200145 4500 |
| 008 - DATOS DE LONGITUD FIJA--INFORMACIÓN GENERAL | |
| campo de control de longitud fija | 370.1 F866m |
| 020 ## - NÚMERO INTERNACIONAL ESTÁNDAR DEL LIBRO | |
| Número Internacional Estándar del Libro | 9786070307928 |
| 082 ## - NÚMERO DE LA CLASIFICACIÓN DECIMAL DEWEY | |
| Número de ítem | 370.1 |
| Número de edición | F866m |
| 100 ## - ENTRADA PRINCIPAL--NOMBRE DE PERSONA | |
| Nombre de persona | Freire, Paulo |
| 9 (RLIN) | 6237 |
| 245 ## - MENCIÓN DEL TÍTULO | |
| Título | El maestro sin recetas |
| Resto del título | El desafío de enseñar en un mundo cambiante |
| 260 ## - PUBLICACIÓN, DISTRIBUCIÓN, ETC. | |
| Lugar de publicación, distribución, etc. | México |
| Nombre del editor, distribuidor, etc. | Siglo XXI |
| Fecha de publicación, distribución, etc. | 2016 |
| 300 ## - DESCRIPCIÓN FÍSICA | |
| Extensión | 192 p. |
| Dimensiones | 21 x 14 cm |
| 505 ## - NOTA DE CONTENIDO CON FORMATO | |
| Título | Presentación |
| -- | Derechos humanos y educación liberadora |
| -- | Educar al educador |
| -- | Una conversación con alumnos |
| -- | La alfabetización desde la perspectiva de la educación popular |
| -- | Alfabetización: lectura del mundo, lectura de la palabra |
| -- | Debate sobre la posmodernidad |
| -- | Cambiar es difícil, pero posible |
| -- | Alfabetización en ciencias |
| -- | Posfacio, Olgair Gomes García |
| -- | Fuentes de los extos |
| -- | Referencias bibliográficas |
| 650 ## - PUNTO DE ACCESO ADICIONAL DE MATERIA--TÉRMINO DE MATERIA | |
| Subdivisión general | Educación |
| -- | pedagogía crítica |
| -- | educación - filosofía |
| -- | educación - aspectos sociales |
| -- | alfabetizacón |
| 9 (RLIN) | 6247 |
| Estatus retirado | Estado de pérdida | Fuente del sistema de clasificación o colocación | Estado de daño | No para préstamo | Biblioteca de origen | Biblioteca actual | Ubicación en estantería | Fecha de adquisición | Total de préstamos | Signatura topográfica completa | Código de barras | Visto por última vez | Precio de reemplazo | Tipo de ítem Koha |
|---|---|---|---|---|---|---|---|---|---|---|---|---|---|---|
| Clasificación Decimal Dewey | Biblioteca LadoV | Biblioteca LadoV | 28/04/2018 | 370.1 F866m | 004578 | 28/04/2018 | 28/04/2018 | Material 01 |
